000 01922nam a2200277Ia 4500
008 260220t1967||||xx |||||||||||||| ||spa||
040 _aPY-SlUNAC
_bspa
_erda
041 _aspa
082 _a510
_bK319i
100 _aKenny, John G.
_eAutor
245 0 _aIntroducción a las matemáticas finitas /
_cpor John G. Kenny [Autor]; J. Laurie Snell [Autor] y Gerald L. Thompson [Autor]
250 _aSegunda edición
264 _aCiudad de México :
_bContinental,
_c℗1967.
300 _a1 volumen
520 _aEn "Introducción a las matemáticas finitas", John G. Kenny ofrece una visión comprensiva de los principios fundamentales de las matemáticas finitas, explorando su relevancia y aplicaciones en diversas áreas del conocimiento. El autor aborda conceptos clave como la teoría de conjuntos, combinatoria, álgebra y la teoría de grafos, proporcionando una base sólida para el entendimiento de las estructuras matemáticas discretas. A través de ejemplos prácticos y ejercicios, Kenny facilita la asimilación de los temas, permitiendo que el lector desarrolle habilidades analíticas y de resolución de problemas. El texto también destaca la importancia de las matemáticas finitas en la computación y en la modelación de fenómenos reales, reflejando su aplicabilidad en la tecnología moderna. Al final, la obra se presenta como una herramienta valiosa tanto para estudiantes como para profesionales que desean profundizar en esta rama de las matemáticas, promoviendo una apreciación de su belleza y utilidad en el mundo contemporáneo.
653 _aMatemáticas
653 _aMatemáticas discretas
653 _aTeoría de conjuntos
700 _aLaurie Snell, J.
_eAutor
700 _aThompson, Gerald L.
_eAutor
942 _b2026/02/17
_cBK
999 _c7368
_d7368